| 000 -LEADER |
| fixed length control field |
00936nam a22002297a 4500 |
| 005 - DATE AND TIME OF LATEST TRANSACTION |
| control field |
20221115105348.0 |
| 008 - FIXED-LENGTH DATA ELEMENTS--GENERAL INFORMATION |
| fixed length control field |
221115s1991en xxu||||| |||| 00| 0 eng d |
| 020 ## - INTERNATIONAL STANDARD BOOK NUMBER |
| International Standard Book Number |
9780521407182 X |
| 080 ## - UNIVERSAL DECIMAL CLASSIFICATION NUMBER |
| Universal Decimal Classification number |
811.111.1 R-66 |
| 100 ## - MAIN ENTRY--PERSONAL NAME |
| Personal name |
Roach, Peter (Peter John) |
| 9 (RLIN) |
15807 |
| 245 ## - TITLE STATEMENT |
| Title |
English phonetics and phonology : |
| Remainder of title |
a practical course / |
| Statement of responsibility, etc. |
Peter Roach. |
| 250 ## - EDITION STATEMENT |
| Edition statement |
second edition |
| 264 ## - PRODUCTION, PUBLICATION, DISTRIBUTION, MANUFACTURE, AND COPYRIGHT NOTICE |
| Place of production, publication, distribution, manufacture |
Cambridge : |
| Name of producer, publisher, distributor, manufacturer |
New York : Cambridge University Press, |
| Date of production, publication, distribution, manufacture, or copyright notice |
1991. |
| 300 ## - PHYSICAL DESCRIPTION |
| Extent |
261 p.: |
| Other physical details |
23 cm. |
| 653 ## - INDEX TERM--UNCONTROLLED |
| keyword |
English phonetics and phonology |
| 653 ## - INDEX TERM--UNCONTROLLED |
| keyword |
English language--Phonetics. |
| 653 ## - INDEX TERM--UNCONTROLLED |
| keyword |
English language--Phonology. |
| 653 ## - INDEX TERM--UNCONTROLLED |
| keyword |
English language--Study and teaching--Foreign speakers. |
| 653 ## - INDEX TERM--UNCONTROLLED |
| keyword |
ინგლისური ფონეტიკა და ფონოლოგია: პრაქტიკული კურსი |
| 653 ## - INDEX TERM--UNCONTROLLED |
| keyword |
ინგლისური გრამატიკა |
| 942 ## - ADDED ENTRY ELEMENTS (KOHA) |
| Source of classification or shelving scheme |
|
| Koha item type |
წიგნი |